Romantic period writings 1798-1832: An anthology (Record no. 121305)

MARC details
000 -LEADER
fixed length control field 00375nam a2200145Ia 4500
008 - FIXED-LENGTH DATA ELEMENTS--GENERAL INFORMATION
fixed length control field 230917s9999||||xx |||||||||||||| ||und||
040 ## - CATALOGING SOURCE
-- 109729
Original cataloging agency VIVEKANANDA LIBRARY
041 ## - Language
-- English
082 ## - DDC NUMBER
Classification number 820.9 R661R
100 ## - MAIN ENTRY--PERSONAL NAME
Personal name Zachary, Leader, ed.
245 #0 - TITLE STATEMENT
Title Romantic period writings 1798-1832: An anthology
260 ## - PUBLICATION, DISTRIBUTION, ETC. (IMPRINT)
Place of publication, distribution, etc London
Name of publisher, distributor, etc Routledge
Date of publication, distribution, etc 1998
300 ## - PHYSICAL DESCRIPTION
Pages 254 p.
942 ## - ADDED ENTRY ELEMENTS (KOHA)
Koha item type Books
Holdings
Withdrawn status Lost status Damaged status Not for loan Location (home branch) Sublocation or collection (holding branch) Date acquired Koha issues (times borrowed) Koha full call number Accession No. Koha date last seen Koha item type
        VIVEKANANDA LIBRARY VIVEKANANDA LIBRARY 04/05/2006   820.9 R661R 214363 17/09/2023 Books
© Designed and Maintained by Vivekananda Library, MDU Rohtak